000 01618cam a2200361 i 4500
001 21290714
003 NUST
005 20240307141652.0
008 191101s2020 maua b 001 0 eng
010 _a 2019044954
020 _a9780674237971
038 _aMalang Jan
040 _aMH/DLC
_beng
_erda
_cDLC
_dDLC
042 _apcc
050 0 0 _aHC79.I52
_bA55 2020
082 0 0 _a363.11
_223
_bALL
100 1 _aAllen, Joseph G.,
_d1975-
_eauthor.
_9121970
245 1 0 _aHealthy buildings :
_bhow indoor spaces drive performance and productivity /
_cJoseph G. Allen, John D. Macomber.
264 1 _aCambridge, Massachusetts ;
_aLondon, England :
_bHarvard University Press,
_c2020.
300 _aix, 292 pages :
_billustrations ;
_c24 cm
336 _atext
_btxt
_2rdacontent
337 _aunmediated
_bn
_2rdamedia
338 _avolume
_bnc
_2rdacarrier
500 _aIncludes bibliographical references and index.
520 _a"A healthy building does more than conserve resources: it improves the health and productivity of the people inside. Joseph Allen and John Macomber look at everything from the air we breathe to the water we drink to how light, sound, and materials impact our performance and wellbeing and drive business profit"--
_cProvided by publisher.
650 0 _aIndustrial productivity
_xEffect of technological innovations on.
_9121971
650 0 _aIndustrial buildings
_xHealth aspects.
_9121972
650 0 _aSustainable buildings.
700 1 _aMacomber, John D.,
_eauthor.
_9121973
906 _a7
_bcbc
_corignew
_d1
_eecip
_f20
_gy-gencatlg
942 _2ddc
_cBK
999 _c608601
_d608601